TimeSplitters 2 - All Characters - Statistics

General Stats
  • This quiz has been taken 9 times
  • The average score is 92 of 126
Answer Stats
Answer % Correct
Braces
100%
Captain Ash
100%
Chinese Chef
100%
Corp Hart
100%
Crispin
100%
Duckman Drake
100%
Ghost
100%
Harry Tipper
100%
Khallos
100%
Monkey
100%
Mr Underwood
100%
Reaper Splitter
100%
Sgt Cortez
100%
Stone Golem
100%
Undead Priest
100%
Accountant
88%
Aztec Warrior
88%
Beetleman
88%
Big Tony
88%
Calamari
88%
Capt Sand
88%
Capt Snow
88%
ChassisBot
88%
Crypt Zombie
88%
Drone Splitter
88%
Dr. Peabody
88%
Gargoyle
88%
Gretel Mk II
88%
Handyman
88%
Henchman
88%
Jacque de la Morte
88%
Jake Fenton
88%
Jimmy Needles
88%
Jungle Queen
88%
Lawyer
88%
Machinist
88%
Marco the Snitch
88%
Meezor Mox
88%
Robofish
88%
Sadako
88%
Sewer Zombie
88%
Slick Tommy
88%
Snowman
88%
The Colonel
88%
The Impersonator
88%
The Master
88%
Viola
88%
Wood Golem
88%
Candi Skyler
75%
Capt Night
75%
Changeling
75%
Chastity
75%
Dark Henchman
75%
Feeder Zombie
75%
Gingerbread Man
75%
Hybrid Mutant
75%
Jinki
75%
Jo-Beth Casey
75%
Kitten Celeste
75%
Krayola
75%
Lady Jane
75%
Leo Krupps
75%
Louie Bignose
75%
Maiden
75%
Mikey Two-Guns
75%
Nikki
75%
Nikolai
75%
Ozor Mox
75%
R-109
75%
Ringmistress
75%
Riot Officer
75%
R One-Oh-Seven
75%
SentryBot
75%
Sergio
75%
Sgt Wood
75%
The Cropolite
75%
The Hunchback
75%
Trooper Black
75%
Trooper Brown
75%
Trooper Green
75%
Trooper Grey
75%
Trooper White
75%
Venus Starr
75%
Baby Drone
63%
Barby Gimp
63%
Capt Forest
63%
Elijah Jones
63%
Female Trooper
63%
Gregor Lenko
63%
Hank Nova
63%
Hatchet Sal
63%
High Priest
63%
Ilsa Nadir
63%
Insect Mutant
63%
Male Trooper
63%
Milkbaby
63%
Mister Giggles
63%
Private Grass
63%
Ramona Sosa
63%
Scourge Splitter
63%
Sgt Shock
63%
Sgt Slate
63%
Badass Cyborg
50%
Capt Pain
50%
Cyberfairy
50%
Dinosaur
50%
Hector Baboso
50%
Jared Slim
50%
Jebediah Crump
50%
Lt Frost
50%
Lt Shade
50%
Private Poorly
50%
Private Sand
50%
Ample Sally
38%
Bear
38%
Kypriss
38%
Lean Molly
38%
Lola Varuska
38%
Lt Bush
38%
Lt Wild
38%
Mischief
38%
Private Coal
38%
Sgt Rock
38%
Sgt Shivers
38%
Stumpy
38%
Lt Chill
25%
No matching quizzes found
Score Distribution
Percent of People with Each Score
Percentile by Number Answered
Your Score History
You have not taken this quiz